La articulación de las razones: una introducción al inferencialismo
Gardado en:
| Autor Principal: | |
|---|---|
| Formato: | Libro |
| Idioma: | Lingua castelá |
| Publicado: |
Madrid
Siglo Veintiuno
2002
|
| Series: | Filosofía
|
| Subjects: | |
| Tags: |
Engadir etiqueta
Sen Etiquetas, Sexa o primeiro en etiquetar este rexistro!
|
MARC
| LEADER | 00000nam a2200000 a 4500 | ||
|---|---|---|---|
| 001 | UCJ2855 | ||
| 003 | CL-VaPUC | ||
| 008 | 070119e20020000SP |||||||||||||||||spa|d | ||
| 020 | |a 8432311057 | ||
| 082 | 0 | 4 | |a 121.68 |b BRA |2 21 |
| 100 | 0 | |a Brandon, Robert B |e author |9 503883 | |
| 245 | 1 | 3 | |a La articulación de las razones: una introducción al inferencialismo |
| 300 | |a 277 p | ||
| 942 | |c BK | ||
| 945 | |d 20070119 00:00:00 |a jtorresc | ||
| 260 | |a Madrid |b Siglo Veintiuno |c 2002 | ||
| 500 | |a Donación de la Dra. Marianne Peronard Thierry | ||
| 650 | 0 | |a Filosofía del lenguaje |9 257082 | |
| 650 | 0 | |a Semántica |9 265318 | |
| 650 | 0 | |a Inferencia |9 378435 | |
| 650 | 0 | |a Lógica |9 256849 | |
| 583 | |a last modification |c 20070119 00:00:00 |k Rodrigo Vera | ||
| 490 | 0 | |a Filosofía | |
| 999 | |c 318984 |d 318982 | ||
| 952 | |0 0 |1 0 |4 0 |6 121_680000000000000_BRA_2002 |7 0 |8 A |9 397206 |a FDOPOS |b FDOPOS |d 2019-11-22 |i 4316622 |o 121.68 BRA 2002 |p 4316622 |r 2025-01-22 |w 2019-11-22 |y BK |k MLA | ||